| 000 | 00582nam a2200181 a 4500 | ||
|---|---|---|---|
| 001 | 000029806 | ||
| 005 | 20200930055823.0 | ||
| 008 | 110426s1989 dr a 000 0 spa d | ||
| 040 |
_aDO-SdBNP _bspa _cBNPHU |
||
| 082 |
_axxx _bM978r |
||
| 100 | 1 |
_aMurphy, Martin F. _956562 |
|
| 245 | 1 | 0 |
_aRespuestas dominicanas frente a la crisis azucarera / _cMartin F. Murphy. |
| 260 |
_aSanto Domingo : _bFundación Friedrich ebert _fAmigo del Hogar _c1989. |
||
| 300 |
_a33 p. : _bil. ; _c23 cm. |
||
| 490 | 1 | _aEstudios económico-Sociales | |
| 504 | _aBibliografías p. 31-32 | ||
| 049 | _aBNPD | ||
| 999 |
_c29298 _d29298 |
||